000 00370nam a2200133Ia 4500
008 231129s9999||||xx |||||||||||||| ||spa||
020 _a958-04-4500-1
040 _bspa
082 _aV863 G233m
100 _aGarmendia Salvador
245 0 _aLa media espada de Amadí­s
264 _aBogotá Colombia : Norma
942 _2ddc
_cBKS
999 _c17584
_d17584